=LDR 00000nam 2200000 4500 =001 INLIS000000000014124 =005 20130612105422 =008 ***********************************Ind** =035 ##$$0010-061300000014124 =041 ##$$a Ind =082 ##$$a 304.2 =090 ##$$a 304.2, Sko f =100 ##$$a Skolimowski, Henryk =245 ##$$a Filsafat lingkungan,merancang taktik baru untuk menjalani kehidupan, Henryk Skolimowski =260 ##$$a 2004 $b Yogyakarta =300 ##$$a vi, 164 hlm, 20,5 cm =650 ##$$a Lingkungan - Filsafat =850 ##$$a NBPNMAT =990 ##$$a 0001/BPAP-NTB/2016